[Event "AUTO-ADV-1208"]
[Site "http://www.queenalice.com/game.php?id=649479"]
[Date "2009.9.8"]
[Round "2"]
[White "Rapha66"]
[Black "lights"]
[Result "0-1"]
[WhiteElo "1730"]
[BlackElo "1987"]

1. d4 d5 2. c4 c6 3. c5 Nf6 4. h3 Bf5 5. Nc3 e6 6. Nf3 Be7 7. Bg5 Nbd7 8. Bxf6
Nxf6 9. e3 O-O 10. Be2 h6 0-1

[Event "AUTO-ADV-1208"]
[Site "http://www.queenalice.com/game.php?id=649480"]
[Date "2009.9.8"]
[Round "2"]
[White "lights"]
[Black "asaph"]
[Result "1-0"]
[WhiteElo "2017"]
[BlackElo "1850"]

1. d4 d5 2. Nf3 Nf6 3. Bf4 e6 4. e3 Bd6 5. Bd3 O-O 6. O-O Nc6 7. c3 Bxf4 8. exf4
Ng4 9. Nbd2 f5 10. Ne5 Qe8 11. h3 Nf6 12. Re1 Ne4 13. Ndf3 Nxe5 14. fxe5 Bd7 15.
Rc1 Bb5 16. c4 Bc6 17. c5 f4 18. b4 Bb5 19. Bxe4 dxe4 20. Rxe4 Rf7 21. Qd2 g5
22. Nxg5 Rg7 23. Qxf4 Qg6 24. Qg4 Qxg5 25. Qxg5 Rxg5 26. f4 Rg3 27. Kh2 Ra3 28.
Ra1 a5 29. bxa5 R8xa5 30. g4 Rxa2+ 31. Rxa2 Rxa2+ 32. Kg3 Bc6 33. Re3 Rd2 34. f5
Rxd4 35. f6 1-0

[Event "AUTO-ADV-1208"]
[Site "http://www.queenalice.com/game.php?id=649481"]
[Date "2009.9.8"]
[Round "2"]
[White "asaph"]
[Black "lights"]
[Result "1-0"]
[WhiteElo "1860"]
[BlackElo "1988"]

1. d4 d5 2. e3 Nf6 3. c4 c6 4. Nf3 Bg4 5. Nbd2 e6 6. h3 Nbd7 7. hxg4 Nxg4 8. e4
dxe4 9. Nxe4 Bb4+ 10. Bd2 Qa5 11. c5 Bxd2+ 12. Qxd2 Qc7 13. Nd6+ Ke7 14. Qf4 Nh6
15. Ng5 Raf8 16. Nf5+ Kd8 17. Qxc7+ Kxc7 18. Nxg7 Rfg8 19. N7xe6+ fxe6 20. Nxe6+
Kc8 21. Rxh6 Rg6 22. Rxg6 hxg6 23. O-O-O Nf6 24. Bd3 Re8 25. Ng5 Ng4 26. Bxg6
Rg8 27. Bf5+ 1-0

[Event "AUTO-INT-1141"]
[Site "http://www.queenalice.com/game.php?id=663330"]
[Date "2009.10.6"]
[Round "3"]
[White "lights"]
[Black "Tanatos"]
[Result "1-0"]
[WhiteElo "2046"]
[BlackElo "1631"]

1. d4 d5 2. Nf3 e6 3. Bf4 Bd6 4. e3 Bxf4 5. exf4 Nf6 6. Bd3 O-O 7. O-O Ng4 8. h3
Nf6 9. Nbd2 Nc6 10. Ne5 Nxe5 11. fxe5 Ne4 12. Nxe4 dxe4 13. Bxe4 c6 14. c3 f5
15. exf6 Qxf6 16. Qf3 e5 17. Qxf6 Rxf6 18. dxe5 Re6 19. f4 b6 20. Rad1 Bb7 21.
Rd7 Ba6 22. Rfd1 Bc4 23. b3 Bb5 24. c4 Ba6 25. R1d6 Rxd6 26. Rxd6 Bb7 27. Bxc6
Bxc6 28. Rxc6 Kf7 29. g4 g6 30. Rd6 Ke7 31. Kf2 Rd8 32. Rxd8 Kxd8 33. f5 Ke7 34.
f6+ Kf7 35. Ke3 Ke6 36. Ke4 a6 37. g5 a5 38. a4 Kd7 39. Kd5 Kc7 40. f7 Kd7 41.
e6+ Ke7 42. h4 Kf8 43. Kd6 b5 44. cxb5 1-0

[Event "AUTO-INT-1141"]
[Site "http://www.queenalice.com/game.php?id=663331"]
[Date "2009.10.6"]
[Round "3"]
[White "Tanatos"]
[Black "lights"]
[Result "0-1"]
[WhiteElo "1629"]
[BlackElo "2048"]

1. e4 c6 2. d4 d5 3. exd5 cxd5 4. Bb5+ Bd7 5. Bxd7+ Qxd7 6. Nf3 e6 7. O-O Be7 8.
Nc3 Nf6 9. Bg5 O-O 10. Ne5 Qd8 11. Re1 Nbd7 12. Nxd7 Qxd7 13. Bxf6 Bxf6 14. a4
Rac8 15. Nb5 a6 16. Nc3 Rc4 17. Qd3 Rxd4 18. Qg3 Rc8 19. Re2 Rdc4 20. h3 Bxc3
21. bxc3 Rxc3 22. Qf4 Rxc2 23. Rxc2 Rxc2 24. Rc1 Rxc1+ 25. Qxc1 h6 26. Qc2 Qc6
27. Qxc6 bxc6 28. Kf1 c5 29. Ke2 e5 30. Kd3 f5 31. f3 a5 32. g3 c4+ 33. Kc3 Kf7
34. f4 Ke6 35. h4 h5 36. Kc2 d4 37. Kd2 e4 38. Ke2 c3 39. Kd1 d3 40. Kc1 e3 41.
Kd1 e2+ 42. Ke1 Kd5 0-1

[Event "AUTO-INT-1141"]
[Site "http://www.queenalice.com/game.php?id=663333"]
[Date "2009.10.6"]
[Round "3"]
[White "prog2"]
[Black "lights"]
[Result "0-1"]
[WhiteElo "1611"]
[BlackElo "1992"]

1. e4 c6 2. Nf3 d5 3. Nc3 dxe4 4. Nxe4 Bg4 5. Be2 Nd7 6. d3 Ngf6 7. O-O Nxe4 8.
dxe4 e5 9. Bd2 Bc5 10. Bc3 Bxf3 11. Bxf3 O-O 12. Bg4 Nf6 13. Bf3 Bd4 14. Bxd4
Qxd4 15. c3 Qc4 16. Qd6 Rad8 17. Qxe5 Rfe8 18. Qf4 Nxe4 0-1

[Event "Fast Swissie"]
[Site "http://www.queenalice.com/game.php?id=665634"]
[Date "2009.10.11"]
[Round "5"]
[White "lights"]
[Black "chouia"]
[Result "0-1"]
[WhiteElo "2024"]
[BlackElo "1735"]

1. d4 d5 2. Nf3 Nf6 3. Bf4 Bf5 4. e3 e6 5. Bd3 Ne4 6. O-O Bg6 7. c4 Be7 8. Qc2
O-O 9. Ne5 Bf5 10. f3 Nd6 11. c5 Bxd3 12. Qxd3 Nd7 13. cxd6 cxd6 14. Nxd7 Qxd7
15. Nd2 Rac8 16. Rac1 a6 17. a3 Rc6 18. b4 b5 19. Nb3 Rfc8 20. Rxc6 Rxc6 21. Rc1
Rxc1+ 22. Nxc1 Qc7 23. e4 e5 24. dxe5 dxe5 25. Bd2 d4 0-1

[Event "AUTO-OPEN-1403"]
[Site "http://www.queenalice.com/game.php?id=678631"]
[Date "2009.11.6"]
[Round "3"]
[White "arauca"]
[Black "lights"]
[Result "1-0"]
[WhiteElo "2152"]
[BlackElo "1998"]

1. e4 c6 2. d4 d5 3. f3 dxe4 4. fxe4 e5 5. Nf3 exd4 6. Bc4 Bb4+ 7. c3 Bc5 8.
cxd4 Bb4+ 9. Nc3 Bg4 10. Bxf7+ Kxf7 11. Ne5+ Kf8 12. Nxg4 h5 13. O-O+ Nf6 14.
Nxf6 gxf6 15. Bg5 Nd7 16. e5 Be7 17. Ne4 Kg7 18. exf6+ Bxf6 19. Nxf6 1-0

[Event "AUTO-OPEN-1403"]
[Site "http://www.queenalice.com/game.php?id=678632"]
[Date "2009.11.6"]
[Round "3"]
[White "lights"]
[Black "arauca"]
[Result "1-0"]
[WhiteElo "1994"]
[BlackElo "2174"]

1. d4 Nf6 2. Nf3 c5 3. Bf4 d6 4. e3 Nc6 5. dxc5 Qa5+ 6. Qd2 Qxc5 7. Nc3 g6 8.
Rd1 Bg7 9. Bb5 O-O 10. O-O Bg4 11. Be2 Rac8 12. Rfe1 a6 13. h3 Bf5 14. Bd3 Bxd3
15. Qxd3 b5 16. a3 Rfd8 17. e4 h6 18. Qd2 Kh7 19. Nd5 Ne5 20. Nxe7 Rc7 21. Bxe5
Rxe7 22. Bxf6 Bxf6 23. c3 Kg7 24. Qd5 Red7 25. Re2 Kf8 26. Red2 Ke7 27. Kf1 a5
28. Qxc5 dxc5 29. Rxd7+ Rxd7 30. Rxd7+ Kxd7 31. Ke2 Kc6 32. Kd3 c4+ 33. Ke3 Kc5
34. e5 Bg7 35. Ke4 b4 36. a4 bxc3 37. bxc3 f6 38. g4 g5 39. e6 Kd6 40. Kf5 1-0

[Event "AUTO-OPEN-1403"]
[Site "http://www.queenalice.com/game.php?id=678633"]
[Date "2009.11.6"]
[Round "3"]
[White "Dcar"]
[Black "lights"]
[Result "0-1"]
[WhiteElo "1576"]
[BlackElo "2050"]

1. Nf3 d5 2. e3 Bg4 3. d4 Nf6 4. Qd3 Bxf3 5. Nd2 Be4 6. Nxe4 dxe4 7. Qb5+ Nbd7
8. Qxb7 Qb8 9. Qa6 e6 10. g3 Be7 11. Bb5 O-O 12. O-O Qb6 13. Be2 Nd5 14. Qa4
N7f6 15. c4 Qb4 16. Qd1 Nb6 17. a3 Qa4 18. b3 Qd7 19. a4 a5 20. Ba3 Bxa3 21.
Rxa3 c6 22. c5 Nbd5 23. Qc1 Rab8 24. Qd2 Rb4 25. Rc1 Rfb8 26. Rb1 h6 27. Bd1 Qe7
28. Rc1 Nh7 29. Kg2 f5 30. Ra2 g5 31. h3 Kg7 32. Rb2 Rf8 33. Be2 Nhf6 34. Rf1
Rfb8 35. Qc2 Qb7 36. Rfb1 Kg6 37. Kg1 Qc7 38. Qc1 e5 39. dxe5 Qxe5 40. Bc4 h5
41. Qc2 f4 42. Bxd5 Nxd5 43. exf4 gxf4 44. Qd1 fxg3 45. Qd2 gxf2+ 46. Qxf2 Rg8
47. Qg2+ Kh7 0-1

[Event "AUTO-OPEN-1403"]
[Site "http://www.queenalice.com/game.php?id=678634"]
[Date "2009.11.6"]
[Round "3"]
[White "lights"]
[Black "Dcar"]
[Result "1-0"]
[WhiteElo "1967"]
[BlackElo "1552"]

1. d4 d5 2. Nf3 Nf6 3. Bf4 g6 4. e3 Bg7 5. c4 O-O 6. Nc3 c6 7. Be2 Ne4 8. Qc2
Qa5 9. O-O Nxc3 10. bxc3 b5 11. c5 Bf5 12. Bd3 e6 13. h3 Na6 14. Ne5 b4 15. Bxf5
exf5 16. Nxc6 Qb5 17. Ne7+ Kh8 18. Nxd5 Rac8 19. cxb4 Nxb4 20. Nxb4 Qxb4 21.
Rab1 Qa5 22. Rb7 Rfe8 23. Rfb1 a6 24. Rxf7 Bf8 25. Rbb7 Red8 26. Rxh7+ Kg8 27.
Qc4+ 1-0

[Event "AUTO-OPEN-1431"]
[Site "http://www.queenalice.com/game.php?id=684188"]
[Date "2009.11.16"]
[Round "3"]
[White "lights"]
[Black "allazzarini"]
[Result "1-0"]
[WhiteElo "1969"]
[BlackElo "2151"]

1. d4 Nf6 2. Nf3 g6 3. Bf4 Bg7 4. e3 O-O 5. Bd3 d6 6. O-O Nbd7 7. e4 c5 8. c3 b6
9. Nbd2 Bb7 10. Re1 Nh5 11. Be3 f5 12. exf5 gxf5 13. Nf1 f4 14. Bd2 Qe8 15. Qc2
Bxf3 16. Bxh7+ Kh8 17. Bg6 Qd8 18. gxf3 Rc8 19. Bxh5 cxd4 20. Qe4 dxc3 21. Bxc3
e5 22. Bg4 Nc5 23. Qd5 Rc7 24. Rad1 Rg8 25. Qxd6 Rd7 26. Qg6 1-0

[Event "AUTO-OPEN-1431"]
[Site "http://www.queenalice.com/game.php?id=684189"]
[Date "2009.11.16"]
[Round "3"]
[White "allazzarini"]
[Black "lights"]
[Result "0-1"]
[WhiteElo "2123"]
[BlackElo "2026"]

1. e4 c6 2. d4 d5 3. Nd2 dxe4 4. Nxe4 Bf5 5. Ng3 Bg6 6. h4 h6 7. h5 Bh7 8. Nf3
Nf6 9. Bd3 Bxd3 10. Qxd3 e6 11. Bf4 Bd6 12. Ne5 O-O 13. Ne4 Nxe4 14. Qxe4 Qc7
15. Rh3 Nd7 16. g4 Rac8 17. g5 hxg5 18. h6 g6 19. Nxg6 Bxf4 20. h7+ Kg7 21. Ne7
Nf6 22. Ng8 Rxg8 23. hxg8=Q+ Rxg8 24. Qd3 Qa5+ 25. c3 Qf5 26. Qxf5 exf5 27. Ke2
Re8+ 28. Kd3 g4 29. Rg1 Rh8 30. Rf3 Nh5 31. c4 Kf6 32. Rxf4 Nxf4+ 33. Ke3 Rh3+
0-1

[Event "Challenge"]
[Site "http://www.queenalice.com/game.php?id=744778"]
[Date "2010.3.11"]
[Round "-"]
[White "lights"]
[Black "GIOLE"]
[Result "1/2-1/2"]
[WhiteElo "2020"]
[BlackElo "2056"]

1. d4 d5 2. Nf3 Nc6 3. Bf4 Bg4 4. Nbd2 e6 5. e3 Nf6 6. h3 Bh5 7. Bd3 Qd7 8. O-O
h6 9. c4 Nb4 10. Be2 Bd6 11. Bxd6 Qxd6 12. a3 Nc6 13. c5 Qe7 14. b4 O-O 15. b5
Nd8 16. a4 c6 17. Ne5 Bxe2 18. Qxe2 Nd7 19. Nxd7 Qxd7 20. Rfb1 f5 21. f4 Rf7 22.
Nf3 Qc8 23. Ne5 Re7 24. Rf1 Kh7 25. Qh5 Kg8 26. Rf3 Nf7 27. Rg3 Nxe5 28. fxe5
Kh7 29. Qg6+ Kh8 30. Rf1 Qe8 31. Qxe8+ Raxe8 32. Rgf3 g6 33. b6 a6 34. a5 Rg7
35. Kh2 Reg8 36. g4 Rf7 37. Kg3 Kg7 1/2-1/2

[Event "AUTO-MASTER-1106"]
[Site "http://www.queenalice.com/game.php?id=768737"]
[Date "2010.4.30"]
[Round "1"]
[White "BrasCubas"]
[Black "lights"]
[Result "1-0"]
[WhiteElo "2043"]
[BlackElo "2008"]

1. e4 c6 2. d4 d5 3. exd5 cxd5 4. c4 Nf6 5. Nc3 e6 6. Nf3 Be7 7. cxd5 exd5 8.
Bd3 O-O 9. O-O Bg4 10. Be3 Nc6 11. Rc1 Qd7 12. a3 a5 13. Re1 Rac8 14. h3 Bf5 15.
Ne5 Qe6 16. Bf4 Bxd3 17. Qxd3 Qd6 18. Ng6 Qd7 19. Nxf8 Bxf8 20. Bg5 Be7 21. Re2
h6 22. Bh4 Kh8 23. Rce1 g5 24. Bg3 Kg7 25. Na4 Qd8 26. Nc5 Bxc5 27. dxc5 Ne4 28.
Rc2 Ne7 29. b4 axb4 30. axb4 Nc6 31. b5 Ne7 32. Be5+ f6 33. Bd4 Nf5 34. c6 Nxd4
35. Qxd4 bxc6 36. bxc6 Qa5 37. Rxe4 dxe4 38. Qd7+ Kg6 39. Qxc8 1-0

[Event "AUTO-MASTER-1106"]
[Site "http://www.queenalice.com/game.php?id=768738"]
[Date "2010.4.30"]
[Round "1"]
[White "lights"]
[Black "docb"]
[Result "0-1"]
[WhiteElo "2052"]
[BlackElo "2029"]

1. d4 d5 2. Nf3 Nf6 3. Bf4 c6 4. e3 Nh5 5. Bd3 Nxf4 6. exf4 Qc7 7. g3 h5 8. O-O
Bh3 9. Re1 Bg4 10. Nbd2 h4 11. c3 hxg3 12. fxg3 e6 13. f5 Bd6 14. fxe6 fxe6 15.
Bg6+ Ke7 16. Kg2 Nd7 17. Qc2 Raf8 18. Nh4 Rxh4 19. gxh4 Bxh2 20. Qd3 Rf6 21. Rf1
Rxg6 22. Qxg6 Qg3+ 23. Kh1 Bf3+ 24. Rxf3 Qxg6 25. Kxh2 Qc2 26. Rf2 Qxb2 27. Raf1
Nf6 28. Ne4 Ng4+ 29. Kh3 Nxf2+ 30. Rxf2 Qc1 31. Ng5 Qxc3+ 0-1

[Event "AUTO-MASTER-1106"]
[Site "http://www.queenalice.com/game.php?id=768739"]
[Date "2010.4.30"]
[Round "1"]
[White "docb"]
[Black "lights"]
[Result "1/2-1/2"]
[WhiteElo "2025"]
[BlackElo "2035"]

1. e4 c6 2. d4 d5 3. exd5 cxd5 4. c4 e6 5. Nc3 Nf6 6. Nf3 Be7 7. Bd3 dxc4 8.
Bxc4 O-O 9. O-O b6 10. Qe2 Bb7 11. Be3 Nd5 12. Rad1 Nc6 13. Nxd5 exd5 14. Bb3
Rc8 15. Qd3 Nb4 16. Qf5 g6 17. Qh3 Ba6 18. Bh6 Re8 19. Rfe1 Bc4 20. Bxc4 dxc4
21. a3 Nd3 22. Re2 Bf6 23. Be3 b5 24. Qg4 h5 25. Qg3 Re4 26. h3 Kg7 27. Bh6+
Kxh6 28. Rxe4 Nxb2 29. Rb1 c3 30. Qf4+ Kg7 31. Qc1 Rc4 32. Rxb2 cxb2 33. Qxb2
Qd5 34. Re8 Bxd4 35. Nxd4 Rxd4 36. Rb8 a6 37. Rb6 Qe5 38. Qa1 a5 39. Rxb5 Rd1+
1/2-1/2

[Event "AUTO-MASTER-1106"]
[Site "http://www.queenalice.com/game.php?id=768740"]
[Date "2010.4.30"]
[Round "1"]
[White "lights"]
[Black "HILITO"]
[Result "0-1"]
[WhiteElo "2035"]
[BlackElo "2060"]

1. d4 c6 2. e4 d5 3. exd5 cxd5 4. Nf3 Nf6 5. Bd3 g6 6. O-O Bg7 7. Bf4 Nbd7 8.
Nbd2 O-O 9. Re1 e6 10. c3 a6 11. Ne5 Nh5 12. Bg3 Nxe5 13. Bxe5 b5 14. Nf3 Bb7
15. Bxg7 Nxg7 16. Qd2 Rc8 17. Re2 Qd6 18. Rae1 Nh5 19. Ne5 Kg7 20. h3 Nf6 21. h4
h5 22. Qg5 Nh7 23. Nxg6 Nxg5 24. Nxf8 Nf3+ 25. gxf3 Rxf8 26. Re5 Rg8 27. Rg5+
Kf8 28. Re5 f6 29. Rxg8+ Kxg8 30. Rxh5 e5 31. dxe5 fxe5 32. Rg5+ Kf7 33. h5 e4
34. Rg6 Qe5 35. fxe4 dxe4 36. Be2 e3 37. fxe3 Qxe3+ 38. Kf1 Bf3 39. Bxf3 Qxf3+
40. Ke1 a5 0-1

[Event "AUTO-MASTER-1106"]
[Site "http://www.queenalice.com/game.php?id=768741"]
[Date "2010.4.30"]
[Round "1"]
[White "HILITO"]
[Black "lights"]
[Result "1-0"]
[WhiteElo "2099"]
[BlackElo "2021"]

1. e4 c6 2. d4 d5 3. e5 Bf5 4. h4 h6 5. c3 e6 6. Bd3 Bxd3 7. Qxd3 Qb6 8. Nd2 c5
9. Ne2 Nc6 10. O-O cxd4 11. cxd4 Nge7 12. Nf3 g6 13. b3 Bg7 14. Bb2 O-O 15. Rac1
Rac8 16. g4 Nb4 17. Qb1 Rc7 18. Rxc7 Qxc7 19. Rc1 Qd7 20. a3 Nbc6 21. b4 Rc8 22.
Kg2 b5 23. Kg3 a6 24. Rc5 Rc7 25. Bc1 Nc8 26. Be3 Kh7 27. h5 N6e7 28. Nh4 Nb6
29. Nf4 Rxc5 30. dxc5 Nc4 31. hxg6+ fxg6 32. Nfxg6 Nxg6 33. Qxg6+ Kg8 34. Bxh6
d4 35. Bxg7 Qxg7 36. Qxe6+ Qf7 37. Qxa6 d3 38. e6 Qc7+ 39. f4 d2 40. Qa8+ Kg7
41. Qd5 Ne3 42. Nf5+ Nxf5+ 43. gxf5 1-0

[Event "Alexis"]
[Site "http://www.queenalice.com/game.php?id=1138346"]
[Date "2013.1.8"]
[Round "-"]
[White "aledibattista"]
[Black "lights"]
[Result "1-0"]
[WhiteElo "1945"]
[BlackElo "1993"]

1. d4 d5 2. c4 c6 3. Nc3 Nf6 4. Nf3 dxc4 5. a4 Bf5 6. e3 e6 7. Bxc4 Bb4 8. O-O
O-O 9. Bd2 Nbd7 10. Ne4 Bxd2 11. Nxf6+ Nxf6 12. Nxd2 Qc7 13. Nf3 Rad8 14. Qe2 a6
15. h3 h6 16. Rfc1 Be4 17. b4 Nd5 18. b5 a5 19. bxc6 bxc6 20. Bxd5 Bxd5 21. Ne5
f6 22. Nd3 Rb8 23. Nc5 Rb6 24. e4 1-0